Missing Word: Board Games Quiz Stats

 Plays Quiz Updated Mar 5, 2016

Challenge
Share
Tweet
Embed
Score 0/20 Timer 03:00
4 Plays Today
Board Game Missing Word % Correct
Connect _____Four
97.1%
_____ and LaddersChutes
95%
Trivial _____Pursuit
92.3%
Hungry Hungry _____Hippos
87.9%
The _____ of LifeGame
86.2%
_____ TrapMouse
86%
Candy _____Land
85.2%
Chinese _____Checkers
85%
_____ to ApplesApples
81.6%
Scotland _____Yard
55.7%
Board Game Missing Word % Correct
Don't Break the _____Ice
50.6%
_____ GabMad
38.1%
Master _____Mind
36.3%
_____ the SafeBreak
29.1%
221B _____ StreetBaker
27.3%
_____ & AlliesAxis
27.1%
The _____ of CatanSettlers
26.1%
Girl _____Talk
24.6%
_____ TowerDark
4.6%
(This Game is) _____!Bonkers
3.4%

Today's Daily Dose

Missing Word
Biopics

Word Ladder
Food Idioms

Quick Pick
Diets

On This Day
December 18th II

You're not logged in!

Compare scores with friends on all Sporcle quizzes.
OR
Log In

You Might Also Like...

Show Comments

Extras

Top Quizzes Today


Score Distribution

Your Account Isn't Verified!

In order to create a playlist on Sporcle, you need to verify the email address you used during registration. Go to your Sporcle Settings to finish the process.

Report this User

Report this user for behavior that violates our Community Guidelines.

Details: